000 00311nam a22001337a 4500
008 170822b xxu||||| |||| 00| 0 eng d
020 _a0206405269
041 _aeng
080 _a51
100 _a38
101 _aMAT
245 _aTHE UNIVERSITY SERIES IN MATHEMATICAL
_cCLEMENTS.C.H
942 _2udc
_cBK
999 _c24556
_d24556